Schaum's outlines of advanced mathematics for engineers and scientists: (Record no. 521)

MARC details
000 -LEADER
fixed length control field 01531nam a22002777a 4500
005 - DATE AND TIME OF LATEST TRANSACTION
control field 20250420134814.0
008 - FIXED-LENGTH DATA ELEMENTS--GENERAL INFORMATION
fixed length control field 200729b ||||| |||| 00| 0 eng d
020 ## - INTERNATIONAL STANDARD BOOK NUMBER
International Standard Book Number 9780071635400
040 ## - CATALOGING SOURCE
Transcribing agency KCST
082 ## - DEWEY DECIMAL CLASSIFICATION NUMBER
Classification number 515.02462
Item number Sp Sc
100 ## - MAIN ENTRY--PERSONAL NAME
Personal name Spiegel, Murray R.
9 (RLIN) 4797
245 ## - TITLE STATEMENT
Title Schaum's outlines of advanced mathematics for engineers and scientists:
Remainder of title 950 fully solved problems/
Statement of responsibility, etc. Murray R. Spiegel.
260 ## - PUBLICATION, DISTRIBUTION, ETC.
Place of publication, distribution, etc. [not identified]:
Name of publisher, distributor, etc. Mc-Graw Hill
Date of publication, distribution, etc. ©1971
300 ## - PHYSICAL DESCRIPTION
Extent 407 pages :
Other physical details illustrations ;
Dimensions 28 cm.
440 ## - SERIES STATEMENT/ADDED ENTRY--TITLE
Title Schaum's outline series
9 (RLIN) 4798
505 ## - FORMATTED CONTENTS NOTE
Formatted contents note Review of fundamental concepts --<br/>Ordinary differential equations --<br/>Linear differential equations --<br/>Laplace transforms --<br/>Vector analysis --<br/>Multiple, line and surface integrals and integral theorems --<br/>Fourier series --<br/>Fourier integrals --<br/>Gamma, beta and other special functions --<br/>Bessel functions --<br/>Legendre functions and other orthogonal functions --<br/>Partial differential equations --<br/>Complex variables and conformal mapping --<br/>Complex inversion formula for Laplace transforms --<br/>Matrices --<br/>Calculus of variations.
650 ## - SUBJECT ADDED ENTRY--TOPICAL TERM
Topical term or geographic name entry element Science
Form subdivision Mathematics
General subdivision Problems, exercises, etc.
9 (RLIN) 4799
650 ## - SUBJECT ADDED ENTRY--TOPICAL TERM
Topical term or geographic name entry element Engineering mathematics
Form subdivision Problems, exercises, etc.
9 (RLIN) 339
650 ## - SUBJECT ADDED ENTRY--TOPICAL TERM
Topical term or geographic name entry element Engineering mathematics
Form subdivision Outlines, syllabi, etc.
9 (RLIN) 4800
655 ## - INDEX TERM--GENRE/FORM
Genre/form data or focus term Outlines and syllabi
9 (RLIN) 4801
655 ## - INDEX TERM--GENRE/FORM
Genre/form data or focus term Problems and exercises
9 (RLIN) 4802
655 ## - INDEX TERM--GENRE/FORM
Genre/form data or focus term Problems, exercises, etc.
9 (RLIN) 4803
655 ## - INDEX TERM--GENRE/FORM
Genre/form data or focus term Outlines, syllabi, etc.
9 (RLIN) 4804
942 ## - ADDED ENTRY ELEMENTS (KOHA)
Koha item type Book
942 ## - ADDED ENTRY ELEMENTS (KOHA)
Source of classification or shelving scheme Dewey Decimal Classification
Holdings
Withdrawn status Lost status Source of classification or shelving scheme Damaged status Not for loan Home library Current library Date acquired Source of acquisition Cost, normal purchase price Total checkouts Full call number Barcode Date last seen Price effective from Koha item type
    Dewey Decimal Classification     KCST Library KCST Library 29/07/2020 Unknown 0.00   515.02462 Sp Sc 1000000474 29/07/2020 29/07/2020 Book
© 2025 KCST. All rights reserved